000 00599nam a2200181Ia 4500
008 100920s9999 xx 000 0 und d
082 _b82575
_a891.464 न 00
100 _aपिंगे रविंद्र.
245 _aजिवलग सारे.
260 _bज्ञानदा पब्लिकेशन्स प्रा. लि., पुणे 2.
_c2000
300 _a147
_bसाधी
365 _b100
520 _aनिबंध.
630 _aजिवलग सारे.
650 _aनिबंध.
730 _aजिवलग सारे.
942 _cBOOK
999 _c723254
_d723251